| 000 | 00642nam a22001931c 4500 | ||
|---|---|---|---|
| 001 | 00121102599 | ||
| 008 | 050919s1998 gw |||| 000u ger d | ||
| 020 |
_a3412043982 _93-412-04398-2 |
||
| 041 | _ager | ||
| 100 | 1 | _aFritze, Lothar | |
| 245 | 0 | 0 |
_aTäter mit gutem Gewissen : _büber menschliches Versagen im diktatorischen Sozialismus / _cLothar Fritze |
| 264 |
_aKöln ; Weimar : _bBöhlau, _c1998 |
||
| 300 | _a436 S. | ||
| 710 | 2 | _aHannah-Arendt-Institut für Totalitarismusforschung | |
| 942 | _cMG | ||
| 040 | _cRU-10907106 | ||
| 003 | RU-10907106 | ||
| 999 |
_c13980 _d13980 |
||
| 490 | 0 |
_aSchriften des Hannah-Arendt-Instituts für Totalitarismusforschung _v6 |
|